WCDMA for UMTS: radio access for third generation mobile communications (Record no. 9794)

000 -LEADER
fixed length control field 00826 a2200217 4500
020 ## - INTERNATIONAL STANDARD BOOK NUMBER
International Standard Book Number 0470844671
040 ## - CATALOGING SOURCE
Original cataloging agency DLC
Language of cataloging DLC
082 00 - DEWEY DECIMAL CLASSIFICATION NUMBER
Classification number 621.3845
100 ## - MAIN ENTRY--PERSONAL NAME
Personal name Holma, Harri
245 00 - TITLE STATEMENT
Title WCDMA for UMTS: radio access for third generation mobile communications
Remainder of title radio access for third generation mobile communications
Statement of responsibility, etc. edited by Harri Holma and Antti Toskala.
250 ## - EDITION STATEMENT
Edition statement 2nd ed.
260 ## - PUBLICATION, DISTRIBUTION, ETC.
Place of publication, distribution, etc. West Sussex, England ;
-- Hoboken, N.J. :
Name of publisher, distributor, etc. J. Wiley & Sons,
Date of publication, distribution, etc. c2002.
300 ## - PHYSICAL DESCRIPTION
Extent xvi, 391 p. :
Other physical details ill. ;
Dimensions 26 cm.
650 #0 - SUBJECT ADDED ENTRY--TOPICAL TERM
Topical term or geographic name entry element Code division multiple access.
650 #0 - SUBJECT ADDED ENTRY--TOPICAL TERM
Topical term or geographic name entry element Wireless communication systems
General subdivision Standards.
650 #0 - SUBJECT ADDED ENTRY--TOPICAL TERM
Topical term or geographic name entry element Mobile communication systems
General subdivision Standards.
650 #0 - SUBJECT ADDED ENTRY--TOPICAL TERM
Topical term or geographic name entry element Global system for mobile communications.
700 1# - ADDED ENTRY--PERSONAL NAME
Personal name Holma, Harri,
Dates associated with a name 1970-
700 1# - ADDED ENTRY--PERSONAL NAME
Personal name Toskala, Antti.
942 ## - ADDED ENTRY ELEMENTS (KOHA)
Koha item type Book
Call number prefix 621.3845 HOL
Source of classification or shelving scheme
Holdings
Withdrawn status Lost status Damaged status Not for loan Collection code Permanent Location Current Location Shelving location Date acquired Source of acquisition Cost, normal purchase price Total Checkouts Full call number Barcode Date last seen Price effective from Koha item type
          Central Library (CL) Central Library (CL) General Stacks 09/22/2005 New Public Book 7577.50   621.3845 HOL SEECS006459 11/14/2012 01/05/2017 Book
© 2023 Central Library, National University of Sciences and Technology. All Rights Reserved.